000
00299nam a2200109Ia 4500
008
200302s9999 xx 000 0 und d
100
_a
Freek Loos and Martine Van Vliet
245
_a
Green streetscape design with stormwater management
260
_b
Images Publishing
260
_c
2016
300
_a
247
999
_c
6592
_d
6592